00944cam a2200253 a 450000100100000000500170001000800410002702000150006804000200008308200180010310000270012124500940014826000360024230000210027849000320029950400530033165000280038465000310041270000450044383000380048891000280052695201210055499900150067500000793420200929154345.0920716s1990 sp b 001 1 spa  a8423972186 aDO-SdBNPdBNPHU a863.64bG724p1 aGoytisolo, Juan.9354410aPaisajes despues de la batalla /cJuan Goytisolo ; edición, Andrés Sánchez Robayna. aMadrid :bEspasa Calpe,cc1990. a236 p. ;c18 cm.1 aAustral ;v218.aLiteratura aIncluye referencia bibliográfica (p. [31]-35). 4aNovela española91123 4aLiteratura española96321 aSánchez Robayna, Andrés,eed.921733 0aAustral ;v218pLiteratura921451 aCatalogación derivada 001052708MOaGRbGRcCTd2009-09-11iLF1l0o863.64 G724pp7934-10r2020-06-25w2020-06-25y2ZPréstamo interno c7712d7712